Foods by Country/Region - Statistics

General Stats
  • This quiz has been taken 112 times
  • The average score is 9 of 15
Answer Stats
Food Country/Region % Correct
Sushi Japan
90%
Paella Spain
89%
Pizza Italy
88%
Kimchi Korea
84%
Pad Thai Thailand
84%
Pho Vietnam
83%
Poutine Canada
81%
Souvlaki Greece
56%
Stroganoff Russia
51%
Molé Mexico
49%
Spotted dick United Kingdom
49%
Rogan Josh India
42%
Raclette Switzerland
24%
Mofongo Puerto Rico
13%
Kabab Middle East
7%
No matching quizzes found
Score Distribution
Percent of People with Each Score
Percentile by Number Answered
Your Score History
You have not taken this quiz